|
|
|
|
| LEADER |
00000nab a2200000 a 4500 |
| 001 |
vtls000578527 |
| 003 |
SK-MaSNL |
| 005 |
20260304100035.0 |
| 008 |
250425c1996 xo 0 slo |
| 015 |
|
|
|a SNBRB19rr/mm-uuuuu
|
| 035 |
|
|
|a CL0578665
|
| 035 |
|
|
|a urn:nbn:sk:snk-abezk
|
| 035 |
|
|
|a (urnnbn)urn:nbn:sk:snk:ar-a03f5m
|
| 035 |
|
|
|a (uuid)7c0c19f9-cc33-42a0-b89b-26093b243b0a
|
| 040 |
|
|
|a SNKBUCL
|b slo
|c SNKBUCL
|e AACR2
|
| 041 |
0 |
|
|a slo
|
| 044 |
|
|
|a xo
|c SK
|
| 080 |
|
|
|a 617.5
|2 1981
|
| 100 |
1 |
|
|a Poruban, Dušan,
|d 1953-
|4 aut
|9 232160
|
| 245 |
1 |
0 |
|a Krepsi, Y. P., Ossoff, R. H. (Eds.): Complications in head and neck surgery
|c Dušan Poruban
|
| 650 |
0 |
7 |
|a chirurgia kraniomaxilofaciálna
|2 snkbucl
|9 983677
|
| 655 |
|
7 |
|a články z novín a časopisov
|2 snkbucl
|9 267496
|
| 700 |
1 |
|
|a Krepsi, Y. P.
|4 adp
|9 1393871
|
| 700 |
1 |
|
|a Ossoff, R. H.
|4 adp
|9 1393872
|
| 773 |
0 |
|
|t Bratislavské lekárske listy
|g Roč. 97, č. 1 (1996), s. 57-58
|x 0006-9248
|
| 787 |
0 |
8 |
|i Rec.:
|a Krepsi, Y. P.
|t Complications in head and neck surgery
|d Philadelphia : Saunders, 1993
|
| 850 |
|
|
|a Slovenská národná knižnica
|
| 852 |
|
|
|a Slovenská národná knižnica
|
| 954 |
|
|
|a odborná, vedecká literatúra pôvodná (slovenská)
|2 lita
|
| 958 |
|
|
|a article27
|
| 958 |
|
|
|a RK
|
| 958 |
|
|
|a MI
|
| 958 |
|
|
|a OND
|
| 958 |
|
|
|a EUIPO
|
| 992 |
|
|
|a RBX
|
| 999 |
|
|
|c 2835559
|d 2837489
|